MDQL
is popping MORE tags! Check the
thread
!
Quizzes
Events
Quiz Creation
Community
Videos
Private Events
Remove Ads
Sign In
Join for FREE
Feedback
Dark Mode
Quiz Categories
Sports
Geography
Music
Movies
Television
Just For Fun
Miscellaneous
History
Literature
Language
Science
Gaming
Entertainment
Religion
Holiday
For Kids
Quiz Lab
Recent
Popular Today
Quiz Kudos Today
Editor Picks
Curator Picks
Quizzes by...
Day
Popularity
Type
Ratings
Length
Year
Community
Subscriptions
Recent Discussions
Orange Saloon
Badges
Playlists
Quests
Create
Leaderboards
Showdown
Live 5
Trivia Bingo
Activity
Puzzle Library
Sporcle Events
Private Events
Virtual Trivia
Globe League
Become a Host
Pub Owners
SporcleCon
Opinionation
Our Games
Videos
Blog
Mobile Apps
Partnerships
Remove Ads and Go Orange
Feedback
Sports
Athletes
MLB
NBA
NHL
NFL
Soccer
Sports Teams
WWE
NCAA
Football
Premier League
Basketball
Baseball
Hockey
Golf
Tennis
Cricket
Rugby
Auto Racing
Olympics
World Cup
Sports
Athletes
MLB
NBA
NHL
NFL
Soccer
Sports Teams
WWE
NCAA
Football
Premier League
Basketball
Baseball
Hockey
Golf
Tennis
Cricket
Rugby
Auto Racing
Olympics
World Cup
Random Quiz
Search Sporcle
×
Quiz Lab
Quiz Lab
Sports
Football
Type in answers that appear in a list
Type in answers that appear in a list
Classic
Best Score? Go Orange.
2010 Yahoo Fantasy Football Mock Draft Stats
Can you name the 2010 Yahoo Fantasy Football Mock Draft?
By
chocotaco
8m
60 Questions
5,141 Plays
5,141 Plays
5,141 Plays
Comments
Comments
Give Quiz Kudos
Give Quiz Kudos
-
- Ratings
hide this ad
Replay
Link that replays current quiz
Next Quiz
Link to next quiz in quiz playlist
You Got
0%
They Got
Avg Score
66%
Avg Friend Score
Upgrade to see
Score Distribution
Jump to the score distribution portion of the page
Score
0/60
Timer
08:00
0
Plays Today
Round
Player
% Correct
Round 1
Chris Johnson
95.9%
Round 1
Andre Johnson
95.5%
Round 5
Chad Ocho Cinco
95.4%
Round 2
Calvin Johnson
95.3%
Round 1
Adrian Peterson
95.2%
Round 3
Peyton Manning
94.6%
Round 1
Maurice Jones-Drew
89.9%
Round 4
Tom Brady
89.5%
Round 2
Drew Brees
89%
Round 3
Thomas Jones
87.8%
Round 1
DeSean Jackson
84.1%
Round 1
Steven Jackson
84%
Round 2
Vincent Jackson
83.9%
Round 2
Randy Moss
82.2%
Round 2
Aaron Rodgers
81.9%
Round 1
Ray Rice
81.3%
Round 4
Sidney Rice
80.8%
Round 2
DeAngelo Williams
80.6%
Round 1
Larry Fitzgerald
79.3%
Round 4
Antonio Gates
75.9%
Round 1
Michael Turner
75.6%
Round 3
Steve Smith (CAR)
74.7%
Round 5
Steve Smith (NYG)
74.7%
Round 1
Frank Gore
72.7%
Round 3
Phillip Rivers
72%
Round 2
Reggie Wayne
69.5%
Round 3
Matt Forte
69.1%
Round 3
Ronnie Brown
67.7%
Round 3
Wes Welker
67.5%
Round 4
Dallas Clark
66.2%
Round
Player
% Correct
Round 5
Tony Romo
65.9%
Round 4
Anquan Boldin
62.9%
Round 1
Jamaal Charles
62%
Round 1
Rashard Mendenhall
62%
Round 2
Roddy White
61.8%
Round 2
Ryan Grant
61.4%
Round 3
Jonathan Stewart
61.4%
Round 2
Cedric Benson
61.1%
Round 4
Matt Schaub
60.4%
Round 5
Marion Barber
59.6%
Round 3
Pierre Thomas
58.9%
Round 3
Greg Jennings
58.7%
Round 5
Vernon Davis
58.7%
Round 3
Miles Austin
58.6%
Round 2
Brandon Marshall
58.2%
Round 4
Marques Colston
57.3%
Round 4
Joseph Addai
56.8%
Round 5
Ben Roethlisberger
54.3%
Round 4
Santonio Holmes
49.7%
Round 3
Steve Slaton
49.5%
Round 2
Beanie Wells
47.4%
Round 4
Knowshon Moreno
47.4%
Round 5
Jerome Harrison
41.1%
Round 5
Percy Harvin
37.2%
Round 5
Michael Crabtree
36.1%
Round 5
Mike Sims-Walker
31.3%
Round 5
Jermichael Finley
29.6%
Round 4
Hakeem Nicks
27.5%
Round 4
C.J. Spiller
22.1%
Round 5
Jahvid Best
21.8%
Quiz Playlist
Details
Report
Send in Message
Add To Playlist
Classic:
Type in answers that appear in a list
Quiz Source
Last Updated: Feb 16, 2017
Quiz Scoreboard
CHALLENGE
Sign Up to Join the Scoreboard
Show All
Scores
Hide
Comments
May contain spoilers
Recently Published
5x2 Blitz: Bands
by SL_Kpop136
Music
30s
Colored Red Africa Blitz
by spor1
Geography
30s
Find the 'City' Movie
by crazypaving
Movies
60s
More to Explore
Quiz From the Vault
Featured Blog Post
14 Easter Pick-up Lines to Find Eggs With
hide this ad
You Might Also Like...
Tags
Football Quiz
2010
Draft
Fantasy
Fantasy Football
mock
Player
round
Yahoo
Today's Top Quizzes in Sports
Browse Sports
hide this ad
Today's Top Quizzes in Football
Browse Football
Top Contributed Quizzes in Sports
1
Les entraîneurs de l'OM et du PSG au 21e siècle
2
Les meilleurs buteurs des matchs entre le PSG et l’OM
3
Les joueurs passés par le PSG et l'OM
4
Players with Multiple 50 Home Run Seasons
5
2022 World Cup Stars
6
Criteria MLB: Left Handed Sluggers
7
NBA Logic Puzzle 2.0
8
MLB Players with Two .350 Batting Average Seasons
9
Top 10 NHL Goal Scorers of All Time
10
Les joueurs passés par le LOSC et le RC Lens
Explore More
Trending Topics
Kpop
NBA
Anime
Crossword
Disney
Harry Potter
Marvel
Country
The Office
NFL
Pokémon
WWE
Puzzle
Soccer
Song
hide this ad
More By:
chocotaco
Quiz
Plays
Rating
Category
Featured
Created
Miami Marlins Opening Day Starting Pitchers
8,924
4.52
Sports
Feb 14, 2010
Octavio Dotel's 13 teams (minefield)
5,276
4.09
Sports
Jul 17, 2012
2010 Yahoo Fantasy Football Mock Draft
5,141
3.86
Sports
Jan 15, 2010
2014 MLB Teams By Player (EASY)
3,219
4.00
Sports
May 27, 2014
2013 MLB teams by player (easy)
3,002
3.88
Sports
May 30, 2013
Go to Creator's Profile
Score Distribution
Quiz Creator Spotlight
chocotaco
Follow
Send a Message
Quizzes Created
-
Created Quiz Play Count
-
More By This Creator
Popular Quizzes Today
1
Colored Red Africa Blitz
2
Find the US States - No Outlines Minefield
3
Find the 'City' Movie
4
5x2 Blitz: Bands
5
The Countries of the World
6
Find the US States
7
US States
8
Find the Countries of Europe - No Outlines Minefield
More Sports Quizzes
WWE Royal Rumble Winners
Quiz Lab
Trending Quizzes
Colored Red Europe Blitz I
Colored Red Europe Blitz II
Colored Red Africa Blitz II
Colored Red Europe Blitz III
Colored Red Africa Blitz III
Recently Updated
How Do You Spell That?
pecheneg
Godzilla Movies
pecheneg
Grab Bag: 4-10 Letters
pecheneg
2024 March Madness Bracket
pecheneg
Famous TV Couples
Peacemaker
Champions League XIs: Real Madrid
pecheneg
Largest US Cities 1790-2010
pecheneg
Rides in Walt Disney World
pecheneg
Most Oscar Losses (Acting)
pecheneg
Beyoncé Albums
pecheneg
Trending Topics
Harry Potter
Crossword
Disney
Kpop
Anime
NBA
Marvel
WWE
Puzzle
Pokémon
Country
Soccer
Song
NFL
The Office
Your Account Isn't Verified!
In order to create a playlist on Sporcle, you need to verify the email address you used during registration. Go to your
Sporcle Settings
to finish the process.
Report this User
Report this user for behavior that violates our
Community Guidelines
.
Details:
Send Report
Go to the Sporcle.com Mobile Site →
Comments